Analyzing talk in the social sciences : (Record no. 2773)
[ view plain ]
| 000 -LEADER | |
|---|---|
| fixed length control field | 02256cam a22002777i 4500 |
| 003 - CONTROL NUMBER IDENTIFIER | |
| control field | GSU |
| 005 - DATE AND TIME OF LATEST TRANSACTION | |
| control field | 20260619092533.0 |
| 008 - FIXED-LENGTH DATA ELEMENTS--GENERAL INFORMATION | |
| fixed length control field | 150410t20162016cau |
| 020 ## - INTERNATIONAL STANDARD BOOK NUMBER | |
| International Standard Book Number | 9781446272497 (paperback) |
| 040 ## - CATALOGING SOURCE | |
| Original cataloging agency | BTCTA |
| Language of cataloging | eng |
| Transcribing agency | GSU |
| Description conventions | rda |
| Modifying agency | GSU |
| 050 00 - LIBRARY OF CONGRESS CALL NUMBER | |
| Classification number | H62 |
| Item number | BIS |
| 100 1# - MAIN ENTRY--PERSONAL NAME | |
| Personal name | Bischoping, Katherine, |
| Relator term | author. |
| 245 10 - TITLE STATEMENT | |
| Title | Analyzing talk in the social sciences : |
| Remainder of title | narrative, conversation & discourse strategies / |
| Statement of responsibility, etc. | Katherine Bischoping, Amber Gazso. |
| 264 #1 - PRODUCTION, PUBLICATION, DISTRIBUTION, MANUFACTURE, AND COPYRIGHT NOTICE | |
| Place of production, publication, distribution, manufacture | Los Angeles : |
| Name of producer, publisher, distributor, manufacturer | SAGE, |
| Date of production, publication, distribution, manufacture, or copyright notice | ©2016 |
| 300 ## - PHYSICAL DESCRIPTION | |
| Extent | ix, 222 pages ; |
| Dimensions | 25 cm |
| 336 ## - CONTENT TYPE | |
| Content type term | text |
| Content type code | txt |
| Source | rdacontent |
| 337 ## - MEDIA TYPE | |
| Media type term | unmediated |
| Media type code | n |
| Source | rdamedia |
| 338 ## - CARRIER TYPE | |
| Carrier type term | volume |
| Carrier type code | nc |
| Source | rdacarrier |
| 504 ## - BIBLIOGRAPHY, ETC. NOTE | |
| Bibliography, etc. note | Includes bibliographical references (pages 189-215) and index. |
| 520 ## - SUMMARY, ETC. | |
| Summary, etc. | Talk is one of the main resources available to qualitative researchers. It offers rich, meaningful data that can provide real insights and new perspectives. But once you have the data how do you select an appropriate means of analysis? How do you ensure that the approach you adopt is the best for your project and your data? The book will help you choose strategies for qualitative analysis that best suit your research. It walks you through key decisions, provides actionable game plans and highlights the advantages and challenges of the main approaches. It is packed full of real examples designed to showcase the different tools you might use to meet your own objectives. Each section of the book focuses on one popular strategy for analyzing talk-based data: Narrative Analysis; Conversation Analysis; Discourse Analysis Taken together these sections will help you to fine-tune the link between your primary research question and your methods; to ensure that your theoretical stance fits with your methods; and to reason through your analysis in a way that will be recognizable to the intellectual communities of narrative, conversation, or discourse analysts. This book is both starting point and map for any social scientist looking to strategically and purposefully analyse talk data. |
| 650 #0 - SUBJECT ADDED ENTRY--TOPICAL TERM | |
| Topical term or geographic name entry element | Social service |
| General subdivision | Research |
| -- | Methodology. |
| 650 #0 - SUBJECT ADDED ENTRY--TOPICAL TERM | |
| Topical term or geographic name entry element | Qualitative research. |
| 650 #7 - SUBJECT ADDED ENTRY--TOPICAL TERM | |
| Topical term or geographic name entry element | Social service |
| General subdivision | Research |
| -- | Methodology. |
| 700 1# - ADDED ENTRY--PERSONAL NAME | |
| Personal name | Gazso, Amber, |
| Relator term | author. |
| 942 ## - ADDED ENTRY ELEMENTS (KOHA) | |
| Source of classification or shelving scheme | Library of Congress Classification |
| Koha item type | Books |
| Classification part | H62 |
| Call number prefix | H |
| Call number suffix | BIS |
| Suppress in OPAC | No |
| Withdrawn status | Lost status | Source of classification or shelving scheme | Damaged status | Not for loan | Collection code | Home library | Current library | Shelving location | Date acquired | Inventory number | Total Checkouts | Full call number | Barcode | Date last seen | Copy number | Price effective from | Koha item type |
|---|---|---|---|---|---|---|---|---|---|---|---|---|---|---|---|---|---|
| Library of Congress Classification | General Collection | GSU Library Epoch | GSU Library Epoch | General Stacks | 17/06/2026 | 05542 | H62 BIS | 50000006955 | 17/06/2026 | 2 | 17/06/2026 | Books |
